00566nam a22001817a 45000010005000000030008000050050017000130080039000300350018000690400018000870410008001050820027001132450033001402600102001733000034002756510035003097100040003442771BD-RjUL20211208233620.0160620s1950 pk f000 0 eng a(BD-RjUL)2798 aDLCcDLCbeng aeng 216a330.9547bECO 195000aEconomy of Pakistan, 1950 /  aKarachi :bOffice of the Economic Adviser, Ministry of Economic Affairs, Govt. of Pakistan,c1951 avi, 411 p. :bill. ; c25 cm. aPakistan xEconomic condition 1 aPakistan.bEconomic Adviser's Wing.